000 00779nam a2200217 u 4500
001 000454619
003 AM-YeHGA
005 20250617133429.0
008 050927s1981 ||| r 000 0 rus d
040 _aAM-YeHGA
041 1 _arus
_hmol
100 1 _aВиеру, Ион
245 1 0 _aЛиства :
_bСтихи /
_cИон Виеру; Пер. с молд. М. Фильштейна.
260 _aМосква :
_bСов. писатель,
_c1981.
300 _a95 с.
_bпортр.
500 _aВ вып. дан. авт.: Ион Виеру (Иван Васильевич Виеру)
650 1 4 _aМолдавская литература
653 0 _aМолдавская поэзия
700 1 _aФильштейн, Михаил
_eпер.
_4trl
090 _c166576
999 _c165152
_d165152